000 00835nam a2200241Ia 4500
003 OSt
005 20220926032427.0
006 a|||||r|||| 00| 0
007 ta
008 220923b |||||||| |||| 00| 0 eng d
020 _a9783319654386
_c6221.56
037 _b113360, 15/02/2019, International Book Distrobutors
_cGeneral Book
040 _aRTL
_cRTL
_beng
041 _2eng
_aeng
082 _aY:5:(B), Q8
100 _aTHOMAS Richard K
_9142448
245 0 _aConcepts, methods and practical applications in applied demography
_b An introductory textbook.
260 _aSwitzerland
_bSpringer
_c2018
300 _a333p
_ccm.
500 _aBibliography chapterwise
942 _hY:5:(B), Q8
_cGB
_2CC
999 _c654693
_d654693